00313nam a2200133Ia 4500008004100000041000800041082001500049100001400064245004400078260001900122300000800141365001600149700001400165230719s9999 xx 000 0 und d aeng a659.1bHAR aHarrow S. aSell Yourself Without Selling Your Soul bHarper Collins a373 cRs.b187.00 aHarrow S.